| 000 | 01213cam a22003494a 4500 | ||
|---|---|---|---|
| 001 | 7321591 | ||
| 003 | ARRUPE | ||
| 005 | 20150504142102.0 | ||
| 008 | 090106s2009 nyu 001 0 eng | ||
| 010 | _a 2008055098 | ||
| 020 | _a9780061778162 | ||
| 020 | _a0061778168 | ||
| 024 | _a40017010013 | ||
| 035 | _a(OCoLC)ocn262884218 | ||
| 035 | _a(NNC)7321591 | ||
| 035 | _a(OCoLC)262884218 | ||
| 040 |
_aDLC _cDLC _dYDX _dBTCTA _dYDXCP |
||
| 050 | 0 | 0 |
_aBD215 _b.B47 2009 |
| 082 | 0 | 0 |
_a121/.63 _222 |
| 100 | 1 |
_aBerger, Peter L., _d1929- _9188 |
|
| 245 | 1 | 0 |
_aIn praise of doubt : _bhow to have convictions without becoming a fanatic / _cPeter L. Berger and Anton C. Zijderveld. |
| 250 | _a1st ed. | ||
| 260 |
_aNew York : _bHarperOne/HarperCollins Publishers, _cc2009. |
||
| 300 |
_aviii, 179 p. ; _c22 cm. |
||
| 505 | 0 | _aThe many gods of modernity -- The dynamics of relativization -- Relativism -- Fundamentalism -- Certainty and doubt -- The limits of doubt -- The politics of moderation. | |
| 650 | 0 |
_aBelief and doubt. _917660 |
|
| 650 | 0 |
_aCertainty. _917661 |
|
| 700 | 1 |
_aZijderveld, Anton C., _d1937- _917662 |
|
| 942 |
_2lcc _cMONOGRAPH |
||
| 948 | 1 |
_a20090910 _bc _csl13 _dMPS |
|
| 999 |
_c122799 _d122799 |
||